Baseball : (Record no. 85810)

MARC details
000 -LEADER
campo de control de longitud fija 00918cam a2200313Li 4500
001 - NÚMERO DE CONTROL
campo de control 75358
005 - FECHA Y HORA DE LA ÚLTIMA TRANSACCIÓN
campo de control 20230410132658.0
008 - DATOS DE LONGITUD FIJA--INFORMACIÓN GENERAL
campo de control de longitud fija 040903s2002 nyu g 000 m eng d
035 ## - NÚMERO DE CONTROL DEL SISTEMA
Número de control de sistema (OCoLC)ocn492029447
040 ## - FUENTE DE CATALOGACIÓN
Centro catalogador/agencia de origen ZWZ
Normas de descripción ncafnor
Lengua de catalogación fre
Centro/agencia transcriptor ZWZ
020 ## - NÚMERO INTERNACIONAL ESTÁNDAR DEL LIBRO
Número Internacional Estándar del Libro 193108209X
020 ## - NÚMERO INTERNACIONAL ESTÁNDAR DEL LIBRO
Número Internacional Estándar del Libro 9781931082099
029 0# - OTRO NÚMERO DE CONTROL DE SISTEMA (OCLC)
Identificador de la biblioteca OCLC ZWZ
Número de control de sistema 080122809
035 ## - NÚMERO DE CONTROL DEL SISTEMA
Número de control de sistema (OCoLC)492029447
049 ## - FONDOS LOCALES (OCLC)
Biblioteca depositaria GRAL
050 14 - SIGNATURA TOPOGRÁFICA DE LA BIBLIOTECA DEL CONGRESO
Número de clasificación PS 509
Número de ítem B299 2002
082 00 - NÚMERO DE LA CLASIFICACIÓN DECIMAL DEWEY
Número de clasificación 810.8
245 00 - MENCIÓN DEL TÍTULO
Título Baseball :
Resto del título a literary anthology /
Mención de responsabilidad, etc. edited by Nicholas Dawidoff.
260 ## - PUBLICACIÓN, DISTRIBUCIÓN, ETC.
Lugar de publicación, distribución, etc. New York :
Nombre del editor, distribuidor, etc. Library of America,
Fecha de publicación, distribución, etc. cop. 2002.
300 ## - DESCRIPCIÓN FÍSICA
Extensión xi, 721 p. ;
Dimensiones 24 cm.
504 ## - NOTA DE BIBLIOGRAFÍA, ETC.
Nota de bibliografía, etc. Bibliogr. p. 716-721.
650 #0 - PUNTO DE ACCESO ADICIONAL DE MATERIA--TÉRMINO DE MATERIA
Término de materia o nombre geográfico como elemento de entrada Baseball |v Literary collections.
650 #0 - PUNTO DE ACCESO ADICIONAL DE MATERIA--TÉRMINO DE MATERIA
Término de materia o nombre geográfico como elemento de entrada American literature.
700 1# - ENTRADA AGREGADA--NOMBRE PERSONAL
Nombre de persona Dawidoff, Nicholas.
856 4# - LOCALIZACIÓN Y ACCESO ELECTRÓNICOS
Identificador Uniforme de Recursos <a href="http://www.h-net.org/review/hrev-a0c5j2-aa">http://www.h-net.org/review/hrev-a0c5j2-aa</a>
Nota pública Book review (H-Net)
942 ## - ELEMENTOS DE ENTRADA SECUNDARIOS (KOHA)
Fuente del sistema de clasificación o colocación Clasificación de Library of Congress
Tipo de ítem Koha
994 ## -
-- C0
-- DRFGD
946 ## - PROCESAMIENTO DE INFORMACIÓN LOCAL (OCLC)
a RCH
Holdings
Estatus retirado Estado de pérdida Fuente del sistema de clasificación o colocación Estado de daño No para préstamo Colección Biblioteca de origen Biblioteca actual Ubicación en estantería Fecha de adquisición Serial enumeration / chronology Signatura topográfica completa Código de barras Visto por última vez Copia número Tipo de ítem Koha
    Clasificación de Library of Congress     Humanidades Biblioteca Juan Bosch Biblioteca Juan Bosch Humanidades (4to. Piso) 10/04/2023 1 PS 509 B299 2002 00000068336 25/10/2018 1